<?xml version="1.0" encoding="UTF-8"?>
<record
    xmlns:xsi="http://www.w3.org/2001/XMLSchema-instance"
    xsi:schemaLocation="http://www.loc.gov/MARC21/slim http://www.loc.gov/standards/marcxml/schema/MARC21slim.xsd"
    xmlns="http://www.loc.gov/MARC21/slim">

  <leader>01030nam a22002894aa4500</leader>
  <controlfield tag="003">BOFEUTO</controlfield>
  <controlfield tag="005">20260512142559.0</controlfield>
  <controlfield tag="008">      t2024    bo     gr     000 f spa d</controlfield>
  <datafield tag="040" ind1=" " ind2=" ">
    <subfield code="6">BOFEUTO</subfield>
    <subfield code="a">BOFEUTO</subfield>
    <subfield code="c">BOFEUTO</subfield>
  </datafield>
  <datafield tag="041" ind1=" " ind2=" ">
    <subfield code="a">spa</subfield>
  </datafield>
  <datafield tag="044" ind1=" " ind2=" ">
    <subfield code="a">bo</subfield>
  </datafield>
  <datafield tag="082" ind1=" " ind2=" ">
    <subfield code="a">TE6293</subfield>
    <subfield code="b">H874</subfield>
  </datafield>
  <datafield tag="100" ind1=" " ind2=" ">
    <subfield code="a">Huayta Mamani, Estefany</subfield>
    <subfield code="e">autor</subfield>
  </datafield>
  <datafield tag="245" ind1=" " ind2=" ">
    <subfield code="a">Estrategias de marketing industrial para la Ferreter&#xED;a Nuestra Se&#xF1;ora del Socav&#xF3;n de la ciudad de Oruro .</subfield>
    <subfield code="c">Estefany Huayta Mamani </subfield>
  </datafield>
  <datafield tag="260" ind1=" " ind2=" ">
    <subfield code="a">Oruro :</subfield>
    <subfield code="b">s/n ;</subfield>
    <subfield code="c">2024 .</subfield>
  </datafield>
  <datafield tag="300" ind1=" " ind2=" ">
    <subfield code="a">120 hojas :</subfield>
    <subfield code="b">gr&#xE1;f, tab .;</subfield>
    <subfield code="c">28.5 cm.</subfield>
  </datafield>
  <datafield tag="500" ind1=" " ind2=" ">
    <subfield code="a">Incluye bibliograf&#xED;a, anexos.</subfield>
  </datafield>
  <datafield tag="502" ind1=" " ind2=" ">
    <subfield code="a">Tesis Dirigida, (Licenciatura) -- Universidad T&#xE9;cnica de Oruro, Facultad de Ciencias Econ&#xF3;micas, Financieras y Administrativas, Carrera Administraci&#xF3;n de Empresas, 2024.</subfield>
  </datafield>
  <datafield tag="650" ind1=" " ind2=" ">
    <subfield code="a">Marketing Idustrial</subfield>
  </datafield>
  <datafield tag="653" ind1=" " ind2=" ">
    <subfield code="a">Desempe&#xF1;o</subfield>
  </datafield>
  <datafield tag="653" ind1=" " ind2=" ">
    <subfield code="a">Marketing</subfield>
  </datafield>
  <datafield tag="653" ind1=" " ind2=" ">
    <subfield code="a">Plazo</subfield>
  </datafield>
  <datafield tag="653" ind1=" " ind2=" ">
    <subfield code="a">Desaf&#xED;o</subfield>
  </datafield>
  <datafield tag="653" ind1=" " ind2=" ">
    <subfield code="a">Mercado</subfield>
  </datafield>
  <datafield tag="700" ind1=" " ind2=" ">
    <subfield code="a">Guti&#xE9;rrez Ledesma, Claudia</subfield>
    <subfield code="e">tutor</subfield>
  </datafield>
  <datafield tag="942" ind1=" " ind2=" ">
    <subfield code="2">ddc</subfield>
    <subfield code="c">TE</subfield>
    <subfield code="n">0</subfield>
  </datafield>
  <datafield tag="999" ind1=" " ind2=" ">
    <subfield code="c">16145</subfield>
    <subfield code="d">16145</subfield>
  </datafield>
  <datafield tag="952" ind1=" " ind2=" ">
    <subfield code="0">0</subfield>
    <subfield code="1">0</subfield>
    <subfield code="2">ddc</subfield>
    <subfield code="4">0</subfield>
    <subfield code="7">0</subfield>
    <subfield code="a">UTO</subfield>
    <subfield code="b">UTO</subfield>
    <subfield code="c">4</subfield>
    <subfield code="d">2026-05-04</subfield>
    <subfield code="i">6293</subfield>
    <subfield code="l">0</subfield>
    <subfield code="o">TE6293/H874/2024</subfield>
    <subfield code="p">TE6293</subfield>
    <subfield code="r">2026-05-12 14:26:43</subfield>
    <subfield code="t">Ej.1</subfield>
    <subfield code="w">2026-05-12</subfield>
    <subfield code="y">TE</subfield>
  </datafield>
</record>
